| 000 | 00843nam a22002777a 4500 | ||
|---|---|---|---|
| 003 | CHAP | ||
| 005 | 20220807210311.0 | ||
| 008 | 971013s1963 r 00010 d | ||
| 010 | _a16396 | ||
| 011 | _a17368 | ||
| 035 | _a21451 | ||
| 040 | _cCHAP | ||
| 082 |
_a635.93315 _bH6 |
||
| 100 | 0 | 0 |
_aHolly, W. D. _955978 |
| 245 | _aCarnation production; including the history, breeding, culture and marketing of varnations | ||
| 260 |
_aDubuque, Iowa : _bBrown, _c1963 |
||
| 300 |
_a142 p. _b: ilus. |
||
| 590 |
_aBATCH-UPD _b10 _c20130110 |
||
| 590 |
_aCONVERSION _b10 _c20130109 |
||
| 650 | 1 | 4 |
_aClavel. _923698 |
| 700 | 0 |
_aBaker, Ralph. _99567 |
|
| 901 | _aBK | ||
| 942 |
_cLIBRO _2ddc |
||
| 949 |
_a635.93315 H6 _bBC _cLIBRO _d-49989 _eLIBRO _h57950 _i21451 _si |
||
| 949 |
_a635.93315 H6 _bBC _cLIBRO _d33724000928263 _eLIBRO _fc.2 _h57951 _i21451 _si |
||
| 999 |
_c16396 _d16396 |
||